00509cam a2200181u 4500001001300000003000400013005001700017008004100034010001700075040001900092050001800111100003700129245004100166260003800207300002900245650003600274999001700310sd 40000024 DLC20260227112733.0840808s1938 gw 000 0 ger  asd 40000024  aDLCcCarPdDLC00aJX1952b.S3581 aSchindler, Dietrich,d1890-1948.14aDie schiedsgerichtsbarket seit 1914; aStuttgart,bW. Kohlhammer,c1938. axiv, [2], 212 p.c25 cm. 0aArbitration (International law) c89833d89833